| 000 | 00855nam a2200217 u 4500 | ||
|---|---|---|---|
| 001 | 000190808 | ||
| 003 | AM-YeHGA | ||
| 005 | 20250617123815.0 | ||
| 008 | 030329s1988 ru || |||||||||||||rus|d | ||
| 040 | _aAM-YeHGA | ||
| 041 | 0 | _arus | |
| 100 | 1 | _aАммосов, Александр Прокопьевич | |
| 245 | 1 | 0 |
_aТермодеформационные процессы и разрушение сварных соединений / _cА.П. Аммосов ; Отв. ред. В.П. Ларионов. |
| 260 |
_aЯкутск : _bИзд-во АН СССР, _c1988. |
||
| 300 | _a135 с. | ||
| 650 | 1 | 4 | _aМеталлообработка |
| 700 | 1 |
_aЛарионов, В.П. _eред. _4edt |
|
| 710 | 2 | _aИнститут физико-технических проблем Севера СО АН СССР | |
| 942 |
_2udc _cBK |
||
| 090 | _c67389 | ||
| 999 |
_c66262 _d66262 |
||